00927nam a22002657a 450000500170000001000130001702000230003003500130005303700160006604000120008208200160009410000260011024500730013625000120020926000440022127000460026530000340031150000200034565000300036565000300039570000260042594200250045199900190047695201660049520170124110036.0 aA-939205 c295.00a8120312422 aA-939205 bCen Lib/Ret aDPLbEN a658.16bJOH aJohnson, Gerry922789 aExploring corporate strategy /cby Gerry Johnson [and] Kevan Scholes a4th ed. aNew DelhibPrintice-Hall of Indiac1998 aM-97, Cannaught CircusbNew Delhie110001 axxviii,873p.:c23cm(Hb)bill. aIncludes index  a Business planning922790 aStrategic planning922791 aScholes, Kevan922792 2ddccENh658.16mJOH c128241d128241 04104070aLbLd2015-07-02eCen Lib/Retg295.00l0o658.16 JOHpA-939205r2015-07-02 00:00:00t1v295.00w2015-07-02yENzW/d List No. 6874/19 ; dtd 20/08/2020